00322nam a2200121 a 4500001000400000003000500004005001700009008004100026040002000067100003500087245005800122260002000180970CDMR20130116135159.0130130s1974||||||||||||||||||||||||||||d aCDMRbcatcCDMR1 aCazcarra Pallaruelo, Sebastian13aEl imperio y la prensacSebastian Cazcarra Pallaruelo aBarcelonac1974